000 00305nam a22001337a 4500
008 170817b xxu||||| |||| 00| 0 eng d
020 _a9780314095763
041 _aeng
080 _a51
100 _a36
101 _aMAT
245 _aMATHEMATICS ONE OF THE LIBERAL ARTS
_cMILES,TH,J
942 _2udc
_cBK
999 _c24020
_d24020